Introduction to industrial relations
| Main Author: | |
|---|---|
| Format: | Book |
| Published: |
London :
Heinemann ,
1983
|
| Subjects: |
MARC
| LEADER | 00000cam a2200000 7i4500 | ||
|---|---|---|---|
| 001 | 0000008184 | ||
| 005 | 20021119093000.0 | ||
| 008 | 021119n | ||
| 020 | |a 0434922005 | ||
| 050 | 0 | 0 | |a HD6961 |b .V5 |
| 090 | 0 | 0 | |a HD6961 |b .V5 |
| 100 | 0 | |a Vincent, Mike , |e author | |
| 245 | 0 | 0 | |a Introduction to industrial relations |c Mike Vincent |
| 260 | 2 | |a London : |b Heinemann , |c 1983 | |
| 300 | |a 24 p. ; ; |c 18 x 24 cm. | ||
| 500 | |a Inlcudes index | ||
| 504 | |a Bibliography: p. 207 | ||
| 650 | 0 | |a Industrial relations | |
| 999 | |a 1000011893 |b Book |c OPEN SHELF (30 DAYS) |e Gong Badak Campus | ||